000 01317nam a2200337 i 4500
003 EG-GICUC
005 20260121101637.0
008 260103s2007 ua ||||f |||| 00| 0 ara d
017 _a2006/10556
020 _a9775152391
040 _a EG-GICUC
_bara
_c EG-GICUC
_d EG-GICUC
_erda
041 _aara
082 0 4 _221
_a345.693
_bع ب . ت
092 0 4 _221
099 _aLaw1 07 345.693 ع ب . ت 2007
100 0 _aعبد الحميد جبريل حسين آدم
_eمؤلف.
245 1 2 _aالتنفيذ المباشر الإداري :
_bتطبيقاته والرقابة القضائية عليه /
_cدكتور عبد الحميد جبريل حسين آدم .
264 1 _aالاسكندرية :
_bدار المطبوعات الجامعية ،
_c2007 .
300 _a494 ؛ صفحة
_c24 سم
336 _2rda content
_atext
337 _2rda media
_aComputer
338 _2rda carrier
_aOnline Resource
504 _a. 494-489 ببليوجرافيا: صفحات.
504 _aيشتمل على إرجاعات ببليوجرافية
650 1 _aالرقابة القضائية علي اعمال الادارة
_2qrmak
650 1 _aالقانون الإداري
651 1 _2qrmak
856 4 0 _uhttps://fll.law.cu.edu.eg/fulltext/bks/B07-02526.pdf
905 _a61
942 _2ddc
_cBK
_e21
_n0
999 _c53993
_d53993